| 000 | 00456mam a2200157 4500 | ||
|---|---|---|---|
| 082 |
_a535.13 _bREI _cL-6, P-86 |
||
| 100 | 1 |
_aReif, F. _939740 |
|
| 245 | 1 | 0 |
_aStatistical physics _c[by] F. Reif. |
| 260 |
_aNew York, _bMcGraw-Hill _c[1965] |
||
| 300 |
_axxi, 398 p. _billus. _c24 cm. |
||
| 490 | 1 | _aBerkeley physics course ; | |
| 526 |
_a0 _b0 _c0 _d535_130000000000000_REI |
||
| 650 | 0 |
_aMCE _9379 |
|
| 650 | 0 |
_aStatistical mechanics. _934451 |
|
| 942 |
_2ddc _cBK |
||
| 999 |
_c544385 _d544385 |
||